[Event "Capablanca Memorial op 53rd"]
[Site "Havana"]
[Date "2018.05.15"]
[Round "6"]
[White "Avila Fraire, Ameyalli"]
[Black "Lopez Vilier, Luis Angel"]
[Result "0-1"]
[WhiteElo "2002"]
[BlackElo "2284"]
[PlyCount "105"]
[EventDate "2018.05.09"]
[EventType "swiss"]
[EventRounds "10"]
[EventCountry "CUB"]
[SourceTitle "EXT 2021"]
[Source "ChessBase"]
[SourceDate "2020.10.23"]
[SourceVersion "1"]
[SourceVersionDate "2020.10.23"]
[SourceQuality "1"]

1. e4 Nf6 2. e5 Nd5 3. d4 d6 4. c4 Nb6 5. exd6 exd6 6. Nc3 Be7 7. Bd3 0-0 8. Nge2 c6 9. 0-0 d5 10. c5 N6d7 11. Ng3 Re8 12. Nf5 Bf6 13. Nd6 Re7 14. Nf5 Re6 15. Qg4 b6 16. Ne2 Ba6 17. Bxa6 Nxa6 18. Nf4 Re4 19. f3 Rxd4 20. Nxd4 Bxd4+ 21. Kh1 Ne5 22. Qg3 bxc5 23. Ne2 Nc4 24. Nxd4 cxd4 25. Bg5 f6 26. Bf4 Qd7 27. a3 Nxb2 28. Qf2 Nd3 29. Qxd4 Nxf4 30. Qxf4 d4 31. Rfd1 Rd8 32. Rac1 Qd5 33. Qd2 c5 34. Qa5 Rd6 35. Qb5 h6 36. h4 Qh5 37. Qb3+ Kh7 38. Qb1+ f5 39. Kg1 Rf6 40. g3 Qxf3 41. Rd3 Qd5 42. Qc2 Rg6 43. Kh2 Re6 44. Rf1 Re4 45. Rdf3 Qe5 46. Kh1 Qd5 47. Kh2 Qe6 48. Qd3 c4 49. Qb1 d3 50. Rxf5 Re2+ 51. Kg1 Qe3+ 52. Kh1 Qxg3 53. R5f2 0-1

[Event "Capablanca Memorial op-A 46th"]
[Site "Havana"]
[Date "2011.05.20"]
[Round "9"]
[White "Ibarra Chami, Luis Fernando"]
[Black "Lopez Vilier, Luis Angel"]
[Result "1-0"]
[WhiteElo "2514"]
[BlackElo "2316"]
[PlyCount "61"]
[EventDate "2011.05.11"]
[EventType "swiss"]
[EventRounds "10"]
[EventCountry "CUB"]
[SourceTitle "CBM 142 Extra"]
[Source "ChessBase"]
[SourceDate "2011.06.27"]
[SourceVersion "1"]
[SourceVersionDate "2011.06.27"]
[SourceQuality "1"]

1. c4 e5 2. Nc3 Nf6 3. Nf3 Nc6 4. g3 Bb4 5. Bg2 0-0 6. 0-0 e4 7. Ng5 Bxc3 8. bxc3 Re8 9. d3 exd3 10. exd3 h6 11. Ne4 Nxe4 12. Bxe4 Ne5 13. Bg2 Rb8 14. f4 Nc6 15. f5 Qf6 16. d4 d6 17. Rb1 Bd7 18. Qh5 Nxd4 19. cxd4 Qxd4+ 20. Kh1 Qxc4 21. Bxh6 gxh6 22. Rf4 Qc3 23. Qxh6 Re1+ 24. Rxe1 Qxe1+ 25. Rf1 Qe2 26. Qg5+ Kf8 27. f6 Qg4 28. Qh6+ Kg8 29. Rf4 Qg6 30. Qxg6+ fxg6 31. Bd5+ 1-0

[Event "Havana Province-ch 1st Cat"]
[Site "Havana"]
[Date "2010.10.26"]
[Round "7"]
[White "Lopez Vilier, Luis Angel"]
[Black "Garcia Pantoja, Roberto"]
[Result "0-1"]
[WhiteElo "2284"]
[BlackElo "2410"]
[PlyCount "126"]
[EventDate "2010.10.19"]
[EventType "tourn"]
[EventRounds "17"]
[EventCountry "CUB"]
[EventCategory "5"]
[SourceTitle "EXT 2019"]
[Source "ChessBase"]
[SourceDate "2018.10.10"]
[SourceVersion "1"]
[SourceVersionDate "2018.10.10"]
[SourceQuality "1"]

1. c4 Nf6 2. Nc3 g6 3. g3 Bg7 4. Bg2 0-0 5. d3 c6 6. e4 d6 7. Nge2 a6 8. 0-0 b5 9. Rb1 e5 10. h3 Nbd7 11. a4 b4 12. Na2 a5 13. Be3 d5 14. Qc2 dxe4 15. dxe4 Qe7 16. c5 Ba6 17. Nac1 Qe6 18. Rd1 Qc4 19. Qxc4 Bxc4 20. b3 Ba6 21. f3 Rfc8 22. Rb2 Nf8 23. h4 Ne6 24. Bh3 Bf8 25. Rc2 Rd8 26. Rxd8 Rxd8 27. Bxe6 fxe6 28. Kf2 Rd1 29. Rd2 Rxd2 30. Bxd2 Nd7 31. Be3 Kf7 32. f4 exf4 33. gxf4 Nxc5 34. Kf3 e5 35. fxe5 Nd7 36. e6+ Kxe6 37. Nd4+ Kd6 38. Bf4+ Kc5 39. Ne6+ Kb6 40. Bc7+ Kb7 41. Nxf8 Kxc7 42. Nxh7 c5 43. Ke3 Kd6 44. Nd3 Bxd3 45. Kxd3 Ne5+ 46. Ke3 c4 47. bxc4 Kc5 48. Nf6 Kxc4 49. Nd5 Ng4+ 50. Kd2 Kd4 51. Nf4 Ne5 52. h5 gxh5 53. Nxh5 Kxe4 54. Kc2 Kd4 55. Ng7 Kc4 56. Nf5 b3+ 57. Kb1 Kb4 58. Ne3 Nc4 59. Nc2+ bxc2+ 60. Kxc2 Kxa4 61. Kb1 Kb3 62. Ka1 a4 63. Kb1 a3 0-1

[Event "Havana Province-ch 1st Cat"]
[Site "Havana"]
[Date "2010.10.24"]
[Round "6"]
[White "Mendez Fortes, Eduardo Jesus"]
[Black "Lopez Vilier, Luis Angel"]
[Result "1/2-1/2"]
[WhiteElo "2316"]
[BlackElo "2284"]
[PlyCount "47"]
[EventDate "2010.10.19"]
[EventType "tourn"]
[EventRounds "17"]
[EventCountry "CUB"]
[EventCategory "5"]
[SourceTitle "EXT 2019"]
[Source "ChessBase"]
[SourceDate "2018.10.10"]
[SourceVersion "1"]
[SourceVersionDate "2018.10.10"]
[SourceQuality "1"]

1. e4 d6 2. d4 Nf6 3. Nc3 g6 4. f4 Bg7 5. Nf3 c5 6. Bb5+ Bd7 7. e5 Ng4 8. e6 fxe6 9. Ng5 Bxb5 10. Nxe6 Bxd4 11. Nxb5 Qa5+ 12. Qd2 Qxd2+ 13. Bxd2 Kd7 14. Nbxd4 cxd4 15. Nxd4 Nc6 16. Nf3 Nf6 17. 0-0-0 b5 18. Bc3 Rhf8 19. Rhe1 b4 20. Bxf6 Rxf6 21. Ne5+ Nxe5 22. fxe5 Rf2 23. exd6 exd6 24. Rd2 1/2-1/2

[Event "Havana Province-ch sf"]
[Site "Havana"]
[Date "2009.08.01"]
[Round "7"]
[White "Ibanez Milian, Dagoberto"]
[Black "Lopez Vilier, Luis Angel"]
[Result "1/2-1/2"]
[WhiteElo "2236"]
[BlackElo "2243"]
[PlyCount "44"]
[EventDate "2009.07.23"]
[EventType "swiss"]
[EventRounds "9"]
[EventCountry "CUB"]
[EventCategory "1"]
[SourceTitle "EXT 2018"]
[Source "ChessBase"]
[SourceDate "2017.10.13"]
[SourceVersion "1"]
[SourceVersionDate "2017.10.13"]
[SourceQuality "1"]

1. d4 d6 2. c4 e5 3. dxe5 dxe5 4. Qxd8+ Kxd8 5. Nc3 c6 6. Nf3 f6 7. e4 Bd6 8. Be3 Na6 9. 0-0-0 Kc7 10. Be2 Bc5 11. Bxc5 Nxc5 12. h3 Ne7 13. Rd2 Be6 14. Rhd1 a5 15. Kc2 Rad8 16. Rxd8 Rxd8 17. Rxd8 Kxd8 18. Nd2 Kc7 19. f3 b6 20. b3 Nc8 21. Nf1 Nd6 22. Ne3 g6 1/2-1/2

[Event "Havana UCI 6th"]
[Site "Havana"]
[Date "2007.11.26"]
[Round "13"]
[White "Coto Mederos, Michel"]
[Black "Lopez Vilier, Luis Angel"]
[Result "1/2-1/2"]
[WhiteElo "2281"]
[BlackElo "2250"]
[PlyCount "40"]
[EventDate "2007.11.12"]
[EventType "tourn"]
[EventRounds "13"]
[EventCountry "CUB"]
[SourceTitle "EXT 2019"]
[Source "ChessBase"]
[SourceDate "2018.10.10"]
[SourceVersion "1"]
[SourceVersionDate "2018.10.10"]
[SourceQuality "1"]

1. d4 d5 2. c4 e6 3. Nc3 f5 4. g3 c6 5. Bg2 Nf6 6. Nf3 Bd6 7. Bf4 0-0 8. Bxd6 Qxd6 9. c5 Qc7 10. Ne5 Nbd7 11. Nxd7 Nxd7 12. f4 b6 13. b4 bxc5 14. bxc5 Qa5 15. Qd2 Ba6 16. 0-0 Rab8 17. Rfb1 Kf7 18. Bf1 h6 19. Ne4 Qa3 20. Qc3 Qxc3 1/2-1/2

[Event "Havana UCI 6th"]
[Site "Havana"]
[Date "2007.11.23"]
[Round "11"]
[White "Ramon Pita, Vivian"]
[Black "Lopez Vilier, Luis Angel"]
[Result "1/2-1/2"]
[WhiteElo "2294"]
[BlackElo "2250"]
[PlyCount "96"]
[EventDate "2007.11.12"]
[EventType "tourn"]
[EventRounds "13"]
[EventCountry "CUB"]
[SourceTitle "EXT 2019"]
[Source "ChessBase"]
[SourceDate "2018.10.10"]
[SourceVersion "1"]
[SourceVersionDate "2018.10.10"]
[SourceQuality "1"]

1. d4 d5 2. Nf3 e6 3. e3 f5 4. c4 c6 5. Qc2 Nf6 6. Nc3 Bd6 7. Bd3 0-0 8. b3 Nbd7 9. cxd5 cxd5 10. Nb5 Bb4+ 11. Bd2 Bxd2+ 12. Nxd2 Nb6 13. 0-0 Bd7 14. Rac1 Bxb5 15. Bxb5 Rc8 16. Qb2 Qd6 17. Bd3 Rf7 18. Rxc8+ Nxc8 19. Rc1 Rc7 20. Nf3 h6 21. Ne5 Nd7 22. Ng6 Kf7 23. Nf4 Nf6 24. Be2 a6 25. Rc2 Ne7 26. Nd3 Nd7 27. Qc1 Rxc2 28. Qxc2 Qc5 29. Qd2 Qb6 30. h3 Nc6 31. g4 fxg4 32. hxg4 a5 33. Qc3 Nf6 34. f3 g5 35. a3 Nd7 36. Kg2 Qc7 37. b4 axb4 38. axb4 Qd6 39. b5 Ne7 40. Ne5+ Nxe5 41. dxe5 Qb6 42. Bd3 Kf8 43. Kf2 Qa7 44. Qc7 Qa2+ 45. Be2 Qa8 46. b6 Kf7 47. Bb5 Qa2+ 48. Be2 Qa8 1/2-1/2

[Event "Havana Rodriguez Memorial 1st"]
[Site "Havana"]
[Date "2007.06.30"]
[Round "5"]
[White "Lopez Vilier, Luis Angel"]
[Black "Ragolta Franco, Eduardo"]
[Result "1-0"]
[WhiteElo "2250"]
[BlackElo "2272"]
[PlyCount "147"]
[EventDate "2008.06.27"]
[EventType "tourn"]
[EventRounds "14"]
[EventCountry "CUB"]
[SourceTitle "EXT 2019"]
[Source "ChessBase"]
[SourceDate "2018.10.10"]
[SourceVersion "1"]
[SourceVersionDate "2018.10.10"]
[SourceQuality "1"]

1. Nf3 Nf6 2. c4 g6 3. Nc3 Bg7 4. e4 d6 5. d4 0-0 6. Be2 e5 7. 0-0 Nc6 8. d5 Ne7 9. b4 a5 10. Ba3 Nh5 11. c5 f5 12. Ng5 Nf4 13. Bc4 fxe4 14. bxa5 Kh8 15. cxd6 cxd6 16. Ncxe4 h6 17. Ne6 Bxe6 18. dxe6 d5 19. Bb3 Rxa5 20. Bb4 Rb5 21. Bxe7 Qxe7 22. Nc3 Rc5 23. Na4 Ra5 24. g3 Nxe6 25. Qd2 Qd8 26. Qb4 Nd4 27. Nc3 Nf3+ 28. Kg2 Nd2 29. Rfd1 Nxb3 30. Qxb3 Qf6 31. Nxd5 Qxf2+ 32. Kh1 Qf3+ 33. Qxf3 Rxf3 34. Ne7 Kh7 35. Rd2 e4 36. Rb1 Re5 37. Nc8 Rd3 38. Re2 e3 39. Kg2 Rf5 40. Rb3 Rxb3 41. axb3 Bd4 42. Nd6 Rd5 43. Nxb7 Rb5 44. Nd6 Rxb3 45. Kf3 Rb4 46. Rc2 Rb6 47. Ne4 Rb1 48. Rc7+ Kg8 49. Rd7 Rb4 50. h3 Kf8 51. g4 Ke8 52. Rd5 Ke7 53. Ng3 Ke6 54. Ra5 Bb6 55. Ra8 Ke5 56. Re8+ Kd5 57. Ne2 g5 58. Rh8 Kc4 59. Rxh6 Kd3 60. Rd6+ Bd4 61. Rd5 Ra4 62. Nxd4 Rxd4 63. Rxg5 Kd2 64. Re5 Rd3 65. h4 Ra3 66. g5 e2+ 67. Kf2 Rh3 68. Rxe2+ Kd3 69. Re5 Rxh4 70. Kg3 Ra4 71. g6 Ra6 72. Rg5 Ra8 73. g7 Rg8 74. Kf4 1-0

[Event "Havana Rodriguez Memorial 1st"]
[Site "Havana"]
[Date "2007.06.27"]
[Round "2"]
[White "Gil Suarez, Jose Luis"]
[Black "Lopez Vilier, Luis Angel"]
[Result "0-1"]
[WhiteElo "2308"]
[BlackElo "2250"]
[PlyCount "59"]
[EventDate "2008.06.27"]
[EventType "tourn"]
[EventRounds "14"]
[EventCountry "CUB"]
[SourceTitle "EXT 2019"]
[Source "ChessBase"]
[SourceDate "2018.10.10"]
[SourceVersion "1"]
[SourceVersionDate "2018.10.10"]
[SourceQuality "1"]

1. d4 Nf6 2. Nf3 e6 3. Bg5 c5 4. e3 Qb6 5. Nbd2 d5 6. Rb1 Nc6 7. c3 Nd7 8. Be2 cxd4 9. exd4 Bd6 10. 0-0 0-0 11. Bh4 Re8 12. Nb3 a5 13. Re1 a4 14. Nc1 Qc7 15. a3 b6 16. Bb5 e5 17. dxe5 Ndxe5 18. Nxe5 Bxe5 19. f4 Bf5 20. Qxd5 Bxb1 21. Qxc6 Rec8 22. Qxc7 Bxc7 23. Ne2 Ba2 24. Rd1 Bd8 25. Bxd8 Rxd8 26. Nd4 g6 27. Kf2 Ra5 28. c4 Raa8 29. Ke3 Rac8 30. Kd3 0-1